|
|
|
|
| LEADER |
01210nam a2200361 a 4500 |
| 001 |
000487317 |
| 003 |
CZ BrMZK |
| 005 |
20080123141312.0 |
| 007 |
ta |
| 008 |
000115s2000 xr e f cze d |
| 015 |
|
|
|a cnb000972914
|
| 020 |
|
|
|a 80-7202-649-6
|
| 035 |
|
|
|a (OCoLC)45491000
|
| 040 |
|
|
|a BOA001
|b cze
|
| 072 |
|
7 |
|a 613
|x Hygiena. Lidské zdraví
|2 Konspekt
|9 14
|
| 080 |
|
|
|a 316.346.2-055.2
|2 MRF
|
| 080 |
|
|
|a 613
|2 MRF
|
| 080 |
|
|
|a 618.1
|2 MRF
|
| 080 |
|
|
|a (0.062)
|2 MRF
|
| 100 |
1 |
|
|a Stoppard, Miriam,
|d 1937-
|7 jn20001103541
|4 aut
|
| 245 |
1 |
0 |
|a Zdravá žena /
|c Miriam Stoppardová
|
| 250 |
|
|
|a Vyd. 1.
|
| 260 |
|
|
|a Praha :
|b Ikar,
|c 2000
|
| 300 |
|
|
|a 95 s. :
|b barev. il. ;
|c 22 cm
|
| 650 |
0 |
7 |
|a ženy
|7 ph127967
|2 czenas
|
| 650 |
0 |
7 |
|a péče o zdraví
|7 ph124852
|2 czenas
|
| 650 |
0 |
7 |
|a gynekologie
|7 ph120631
|2 czenas
|
| 655 |
|
7 |
|a populárně-naučné publikace
|7 fd131864
|2 czenas
|
| 765 |
0 |
|
|t Well woman
|
| 856 |
4 |
1 |
|u http://www.digitalniknihovna.cz/mzk/uuid/uuid:7772b440-81b0-11e3-a6e0-005056827e52
|y Digitalizovaný dokument
|x NDK
|
| 910 |
|
|
|a BOA001
|b 2-1075.087
|
| 990 |
|
|
|a BK
|
| 996 |
6 |
|
|b 2610118547
|c 2-1075.087
|l MZK
|r Sklad / do 1 hodiny
|n 5
|p p.v.
|w 000487317
|u 000010
|a 1
|e BOA001
|j MZK50
|s P
|